000 00618nam a2200205 i 4500
001 bg
003 KOSZ 005
005 20210528164459.0
008 s pl f |000 0 pol
040 _cBPK
041 _apol
080 _a531.7
245 0 _aNarzędzia.
_nT. 4,
_pNarzędzia pomiarowe do długości i kąta.
246 3 0 _aNarzędzia pomiarowe do długości i kąta
260 _aWarszawa,
_c1979.
490 1 _aKatalog SWW - 0943
830 _aKatalog SWW - 0943
856 _uhttp://koha.tu.koszalin.pl/cgi-bin/koha/opac-detail.pl?biblionumber=24100
_yKatalog online BPK
942 _cKA
_2UKD
999 _c24100
_d24100